美国美洲原住民比例最高的20个较大城市 - Statistics

General Stats
  • This quiz has been taken 7 times
  • The average score is 10 of 20
Answer Stats
城市 纯原住民裔 含混血 人口(万人) % Correct
11 CA 洛杉矶 1.20% 2.70% 1206.8
100%
17 CA 圣弗朗西斯科(旧金山) 0.92% 2.28% 343.4
86%
5 AZ 菲尼克斯 1.81% 3.56% 401.6
71%
8 CO 丹佛 0.95% 3.06% 268.4
71%
13 OR--WA 波特兰 0.81% 2.86% 210.1
71%
14 WA 西雅图 0.75% 2.82% 354.3
71%
15 UT 盐湖城 0.98% 2.38% 117.6
71%
3 OK 俄克拉何马城 3.23% 8.28% 99.2
57%
10 CA 萨克拉门托 0.78% 3.16% 195.0
57%
12 NV 拉斯维加斯 1.08% 2.68% 222.1
57%
16 CA 圣迭戈 0.86% 2.48% 306.2
57%
20 TX 休斯敦 0.75% 2.00% 591.3
57%
19 TX 奥斯汀 0.61% 2.15% 185.5
43%
2 NM 阿尔伯克基 4.64% 7.52% 77.0
29%
7 TX 圣安东尼奥 1.02% 3.05% 202.6
29%
18 TX 埃尔帕索 0.90% 2.05% 86.2
14%
9 CA 里弗赛德(河滨) 1.12% 2.84% 229.5
14%
1 OK 塔尔萨 5.33% 12.17% 72.8
0%
4 AZ 图森 2.65% 5.33% 87.6
0%
6 CA 弗雷斯诺 1.40% 3.38% 72.3
0%
No matching quizzes found
Score Distribution
Percent of People with Each Score
Percentile by Number Answered
Your Score History
You have not taken this quiz